000 00331nam a2200133 a 4500
001 4144
005 20140414131915.0
008 090317s19uu xx 00 eng d
050 _aFIC
_bC58 1977
100 _aCleary, Beverly
245 _aRamona and her father.
260 _aNew York :
_bHarper Collins,
_c1977.
999 _c111411
_d111411